000 00523nmm a2200169Ia 4500
008 251105s9999||||xx |||||||||||||||||und||
020 _a847908572X
041 _aspa
100 _aLea, Henry Charles
245 0 _aLos moriscos españoles. Su conversión y expulsión
264 _a[Madrid, España] :
_bPublicaciones de la Universidad de Alicante,
_c2001
300 _a494 páginas
490 _aHistoria
650 _aHistory of Europe: Spain
856 _uhttps://public.digitaliapublishing.com/a/748
942 _cCF
999 _c73549
_d73549